00461nam a22001577a 4500008004500000020001800045082001800063100002400081245003300105250001300138260002200151300001900173650004300192650002300235650004500258230508b 2022 ||||| |||| 00| 0 eng d a9789355421517 a623.8503bFER aFernandez A. Elstan aMarine Electrical Technology a12th ed. aMumbaibSPDc2022 axxviii, 1250p. aOverview of a Ship's Electrical System aElectrical safety  aElectrical Equipment for Hazardous Areas